000 00624nam a2200193 a 4500
005 20240925064701.0
008 020513s19811997mx r 000 0 spa d
020 _a8420618160
035 _aUPN01000117293
049 _aCG
050 4 _aHM291
_bF6.88
100 1 _aFoucault, Michel,
_d1926-1984
245 1 3 _aUn diálogo sobre el poder y otras conversaciones /
_cMichel Foucault ; introd y tr. de Miguel Morey.
260 _aMadrid :
_bAlianza:
_bMateriales,
_c1981 (1997 impr.).
300 _a164 p.
440 3 _aEl libro de bolsillo ;
_v816.
_pHumanidades
650 4 _aPoder (Ciencias sociales)
_91203
905 _aLibro
999 _c89831
_d89831